Eurovision Song Contest 2009 - Semi-Final 1 Results - Statistics

General Stats
  • This quiz has been taken 8 times
    0 since last reset
  • The average score is 0 of 18
Answer Stats
Answer % Correct
Andorra 960px-Flag_of_Andorra.svg.png
0%
Armenia 960px-Flag_of_Armenia.svg.png
0%
Belarus 960px-Flag_of_Belarus_%281995%E2%80%932012%29.svg.png
0%
Belgium 960px-Flag_of_Belgium.svg.png
0%
Bosnia & Herzegovina 960px-Flag_of_Bosnia_and_Herzegovina.svg.png
0%
Bulgaria 960px-Flag_of_Bulgaria.svg.png
0%
Czech Republic 960px-Flag_of_the_Czech_Republic.svg.png
0%
Finland 960px-Flag_of_Finland.svg.png
0%
F.Y.R. Macedonia 960px-Flag_of_North_Macedonia.svg.png
0%
Iceland 960px-Flag_of_Iceland.svg.png
0%
Israel 960px-Flag_of_Israel.svg.png
0%
Malta 960px-Flag_of_Malta.svg.png
0%
Montenegro 960px-Flag_of_Montenegro.svg.png
0%
Portugal 960px-Flag_of_Portugal.svg.png
0%
Romania 960px-Flag_of_Romania.svg.png
0%
Sweden 960px-Flag_of_Sweden.svg.png?20240819095330
0%
Switzerland 960px-Flag_of_Switzerland.svg.png
0%
Turkey 960px-Flag_of_Turkey.svg.png
0%
No matching quizzes found
Score Distribution
Percent of People with Each Score
Percentile by Number Answered
Your Score History
You have not taken this quiz since the last reset